| 000 | 00945cam a22002531 4500 | ||
|---|---|---|---|
| 001 | gs 27000001 | ||
| 003 | DLC | ||
| 005 | 20260227111331.0 | ||
| 008 | 780117s1925 xx 000 0 eng c | ||
| 010 | _ags 27000001 | ||
| 035 | _a(OCoLC)3563978 | ||
| 040 |
_aLibrary, U.S. Geological Survey _cOT _dDLC |
||
| 042 | _apremarc | ||
| 050 | 0 | 0 |
_aQE165 _b.A2 no. 33-E |
| 051 |
_aTN805.T2 _bF6 _cCopy 2. |
||
| 100 | 1 |
_aForbes, John J. V. _q(John Joseph Vincent), _d1885-1975. |
|
| 245 | 1 | 0 |
_aCoal losses of Tennessee, _cby J. J. Forbes. Prepared by the Bureau of mines, Department of the interior, for the United States Coal commission. |
| 260 |
_aNashville, Tenn., _c1925. |
||
| 300 |
_av, 36 p. _billus., tables. _c23 cm. |
||
| 490 | 0 | _aTennessee. Dept. of education. Division of geology. Bulletin 33-E | |
| 650 | 0 |
_aCoal mines and mining _zTennessee. |
|
| 710 | 1 |
_aUnited States. _bCoal commission. |
|
| 710 | 1 |
_aUnited States. _bBureau of Mines. |
|
| 999 |
_c26523 _d26523 |
||